000 00758cam a2200241 a 4500
001 3484859
003 ARRUPE
005 20150324114212.0
008 930604s1992 rh a 000 1 eng
010 _a 93980016
020 _a0797410813
040 _aDLC
_cDLC
050 0 0 _aPR9390.9.D4
_bM74 1992
082 0 0 _a823
_220
100 1 _aDe la Harpe, Maureen.
_910844
245 1 0 _aMsasa morning /
_cby Maureen de la Harpe.
260 _aHarare, Zimbabwe :
_bRoblaw Publishers,
_c1992.
300 _aiii, 250 p. :
_bill. ;
_c21 cm.
651 0 _aZimbabwe
_vFiction.
_910845
906 _a7
_bcbc
_corignew
_d3
_encip
_f19
_gy-gencatlg
942 _2lcc
_cSPC
999 _c120712
_d120712